Movies Quiz

Random Movies or Director Quiz

Movie Director Title Blender Quiz Stats

 Plays Quiz Updated Oct 20, 2014

Also try: Movie Directors
Challenge
Share
Tweet
Embed
Score 0/16 Timer 05:00
0 Plays Today
Blended Movie Titles Director % Correct
Unchained Brown Dogs KillQuentin Tarantino
93.5%
Full Shining Orange PathsStanley Kubrick
87.2%
Purple Sun Encounters ListSteven Spielberg
86.6%
Strauss' 17 Steps To Confess Window BirdsAlfred Hitchcock
78.3%
Simple Arizona Man, Thou BurnJoel Coen
76.6%
40 People Virgin UpJudd Apatow
68.9%
Social Dragon Game ClubDavid Fincher
64.8%
Hidden Ice Mountain SenseAng Lee
57.7%
Blended Movie Titles Director % Correct
Cassandra's Broadway Sex MemoriesWoody Allen
55.5%
Thirty Days Break HurtKathryn Bigelow
55.4%
Unexpected Lovely King CreaturesPeter Jackson
51.3%
Dead King Treasure FalconJohn Huston
38.9%
Tiffany's Fine Panther WomenBlake Edwards
27.2%
451 Black Mermaid BlowsFrancois Truffaut
26.8%
Flirting Monkey, Silver KingsDavid O. Russell
22.2%
Secret Kansas Companion for JimmyRobert Altman
11.2%

You're not logged in!

Compare scores with friends on all Sporcle quizzes.
OR
Log In

You Might Also Like...

Show Comments

Extras

Top Quizzes Today


Score Distribution

Your Account Isn't Verified!

In order to create a playlist on Sporcle, you need to verify the email address you used during registration. Go to your Sporcle Settings to finish the process.

Report this User

Report this user for behavior that violates our Community Guidelines.

Details: